Gabriela, clavo y canela
Uloženo v:
| Hlavní autor: | |
|---|---|
| Médium: | Kniha |
| Jazyk: | španělština |
| Vydáno: |
Santiago
Seix Barral
1985
|
| Edice: | Literatura Contemporánea Seix Barral
|
| Témata: | |
| Tagy: |
Přidat tag
Žádné tagy, Buďte první, kdo vytvoří štítek k tomuto záznamu!
|
MARC
| LEADER | 00000cam a2200000 a 4500 | ||
|---|---|---|---|
| 001 | UCG8875 | ||
| 003 | CL-VaPUC | ||
| 008 | 120106e19850000CL |||||||||||||||||spa|d | ||
| 082 | 0 | 4 | |a 863 |b AMA |2 21 |
| 100 | 0 | |a Amado, Jorge |e author |9 325185 | |
| 245 | 1 | 0 | |a Gabriela, clavo y canela |
| 300 | |a 357 p | ||
| 942 | |c BK | ||
| 945 | |d 20120106 00:00:00 |a dcastane | ||
| 260 | |a Santiago |b Seix Barral |c 1985 | ||
| 650 | 7 | |a NARRATIVA HISPAMOAMERICANA |2 CL-VaPUC |9 560133 | |
| 650 | 7 | |a LITERATURA AMERICANA |2 CL-VaPUC |9 416805 | |
| 583 | |a last modification |c 20120106 11:45:00 |k Rodrigo Vera | ||
| 490 | 0 | |a Literatura Contemporánea Seix Barral | |
| 999 | |c 346462 |d 346460 | ||
| 952 | |0 0 |1 0 |4 0 |6 863_000000000000000_AMA_1985 |7 0 |8 C |9 447152 |a BIBCUR |b BIBCUR |d 2019-11-22 |i 479494K |o 863 AMA 1985 |p 479494K |r 2025-04-22 |w 2019-11-22 |y BK |k CAC | ||
| 952 | |0 0 |1 0 |3 erb |4 0 |6 863_000000000000000_AMA_1985 |7 0 |8 C |9 447153 |a BIBCUR |b BIBCUR |i 5205794 |o 863 AMA 1985 |p 5205794 |r 2025-04-22 |w 2019-11-22 |y BK |z Catalogado en:20151022 |k CAC | ||